000 00846nam a22002177a 4500
999 _c18286
_d18286
003 AR-CdUCM
008 190513b ||||| |||| 00| 0 spa d
040 _aMUNICIPALIDAD PROVINCIAL DEL CUSCO
_cBIBLIOTECA MUNICIPAL DEL CUSCO
082 _a336 /
_bF43
100 _aFerrer Quea, Alejandro
_938784
245 _aAnálisis de los estados financieros y sus ajustes por inflación /
260 _aLima :
_bItalPerú,
_c1977.
300 _a255 paginas ;
_bCuadros,
_c20 cm.
505 _aContenido : Análisis de los estados financieros - Metodología aplicada -- Análisis del balance -- Estado de ganancias y pedidas ...
650 _aEstado fiancieros
_938785
650 _aGanancias y perdidas
_938786
650 _aFluctuaciones monetarias
_938787
650 _aLa contabilidad
_938788
942 _2ddc
_cLIBROS
945 _awnts
_d2019-05-13